| 000 | 00477nam a22001817a 4500 | ||
|---|---|---|---|
| 005 | 20251108175547.0 | ||
| 008 | 250721s2017 xx 000 0 ara d | ||
| 082 | 1 | 4 | _aق/زيد |
| 100 | 1 | _aزيدان، يوسف | |
| 245 | 1 | 0 | _aأهل الحي / |
| 264 | 1 |
_aالقاهرة : _bدار الشروق، _c2017. |
|
| 300 | _a157ص | ||
| 650 | 1 | 7 | _aالقصص القصيرة |
| 650 | 1 | 7 | _aالقصص العربية |
| 650 | 1 | 7 | _aمصر |
| 942 |
_2ddc _cBK |
||
| 999 |
_c137011 _d137011 |
||